000 00149 a2200085 4500
041 _aspa
100 _aAnonimo
245 _aSe pedir turno
942 _cBK
999 _c11149
_d11149